000 00197 a2200097 4500
001 9374
100 _aSandeman, E K
245 _aRadio engineering
260 _a
_bChapman
_c
090 _c7535
_d7535
942 _aNUST-CAE
_cM
_c34195
999 _c244447
_d244447